LEADER 00614oam 2200205z- 450 001 9910132416303321 010 $a1-4799-1071-6 035 $a(CKB)3460000000126158 035 $a(EXLCZ)993460000000126158 100 $a20220628c2013uuuu -u- - 101 0 $aeng 200 00$a2013 IEEE/ACM International Conference on Computer-Aided Design (ICCAD) 210 $cIEEE 311 $a1-4799-1070-8 517 $a2013 IEEE/ACM International Conference on Computer-Aided Design 517 $aComputer-Aided Design 906 $aPROCEEDING 912 $a9910132416303321 996 $a2013 IEEE$92088087 997 $aUNINA LEADER 03384nam 2200733Ia 450 001 9910785379703321 005 20231206222535.0 010 $a1-315-57606-6 010 $a1-317-15415-0 010 $a1-317-15414-2 010 $a1-282-88053-5 010 $a9786612880537 010 $a0-7546-9473-9 035 $a(CKB)2670000000055263 035 $a(EBL)605129 035 $a(OCoLC)689997314 035 $a(SSID)ssj0000435296 035 $a(PQKBManifestationID)12201903 035 $a(PQKBTitleCode)TC0000435296 035 $a(PQKBWorkID)10404788 035 $a(PQKB)11734977 035 $a(Au-PeEL)EBL605129 035 $a(CaPaEBR)ebr10423675 035 $a(CaONFJC)MIL922658 035 $a(Au-PeEL)EBL5293635 035 $a(CaONFJC)MIL288053 035 $a(OCoLC)1027170801 035 $a(MiAaPQ)EBC605129 035 $a(MiAaPQ)EBC5293635 035 $a(EXLCZ)992670000000055263 100 $a20100603d2010 uy 0 101 0 $aeng 135 $aur|n|---||||| 181 $ctxt 182 $cc 183 $acr 200 10$aDebt relief initiatives$b[electronic resource] $epolicy design and outcomes /$fMarco Arnone, Andrea F. Presbitero 210 $aBurlington, VT $cAshgate$dc2010 215 $a1 online resource (300 p.) 225 1 $aGlobal finance 300 $aDescription based upon print version of record. 311 $a0-7546-7742-7 320 $aIncludes bibliographical references and index. 327 $aCover; Contents; List of Figures; List of Boxes; List of Tables; About the Authors; Foreword; Preface; Authors' Note; List of Abbreviations; Introduction; Part 1 Multilateral Initiatives and External Debt Sustainability; 1 The Heavily Indebted Poor Countries and the Multilateral Debt Relief Initiatives: Description and Issues; 2 External Debt Sustainability: Theory, Approaches and Limitations; Part 2 HIPCs/LICs and Macroeconomic Management: The Role of Domestic Debt; 3 Domestic Debt in Developing Countries; 4 The Relevance of Domestic Debt in HIPCs; 5 Domestic Debt and Debt Sustainability 327 $aPart 3 External Debt and Macroeconomic Performance6 External Debt and Growth: Mixed Evidence; 7 External Debt and Growth: An Empirical Investigation; 8 An Ex-Post Evaluation of Debt Relief; Part 4 The Challenges Ahead; 9 The Global Economic and Financial Crisis and the HIPCs; 10 Some Proposals for a Comprehensive Approach to Debt Sustainability and Debt Relief; Afterword; Bibliography; Index 330 $aArnone and Presbitero analyze the design and the implementation of the Heavily Indebted Poor Countries (HIPC) Initiative, by pointing out its main drawbacks and suggesting a different approach to debt sustainability and debt relief programs. 410 0$aGlobal finance series. 606 $aDebts, External$zDeveloping countries 606 $aDebt relief$zDeveloping countries 606 $aDebts, Public$zDeveloping countries 607 $aDeveloping countries$xEconomic conditions 615 0$aDebts, External 615 0$aDebt relief 615 0$aDebts, Public 676 $a336.3/435091724 700 $aArnone$b Marco$0120033 701 $aPresbitero$b Andrea F$0319429 801 0$bMiAaPQ 801 1$bMiAaPQ 801 2$bMiAaPQ 906 $aBOOK 912 $a9910785379703321 996 $aDebt relief initiatives$93676921 997 $aUNINA LEADER 04168nam 2200637 a 450 001 9910955294503321 005 20251117080345.0 010 $a1-280-69692-3 010 $a9786613673886 010 $a0-8093-8773-5 035 $a(CKB)2670000000149470 035 $a(OCoLC)794493921 035 $a(CaPaEBR)ebrary10556507 035 $a(SSID)ssj0000645543 035 $a(PQKBManifestationID)11384206 035 $a(PQKBTitleCode)TC0000645543 035 $a(PQKBWorkID)10681968 035 $a(PQKB)10509939 035 $a(MiAaPQ)EBC1354440 035 $a(OCoLC)775599680 035 $a(MdBmJHUP)muse19566 035 $a(Au-PeEL)EBL1354440 035 $a(CaPaEBR)ebr10556507 035 $a(CaONFJC)MIL367388 035 $a(BIP)46358828 035 $a(BIP)33104064 035 $a(EXLCZ)992670000000149470 100 $a20101223d2012 uy 0 101 0 $aeng 135 $aurcn||||||||| 181 $ctxt 182 $cc 183 $acr 200 10$aDrafting for the theatre /$fDennis Dorn & Mark Shanda 205 $a2nd ed. 210 $aCarbondale $cSouthern Illinois University Press$d2012 215 $a1 online resource (385 p.) 300 $aIncludes index. 311 08$a0-8093-3037-7 327 $apt. 1. Tools, standards, and basic techniques -- pt. 2. Orthographic projection -- pt. 3. Specialized techniques -- pt. 4. Computer drafting -- pt. 5. Design and shop drawings overview -- pt. 6. The portfolio project. 330 $aIn this newly revised second edition, veteran stage designers and technical directors Dennis Dorn and Mark Shanda introduce industry-standard drafting and designing practices with step-by-step discussions, illustrations, worksheets, and problems to help students develop and refine drafting and other related skills needed for entertainment set production work. By incorporating the foundational principles of both hand- and computer-drafting approaches throughout the entire book, the authors illustrate how to create clear and detailed drawings that advance the production process. Early chapters focus on the basics of geometric constructions, orthographic techniques, soft-line sketching applications, lettering, and dimensioning. Later chapters discuss real-life applications of production drawing and ancillary skills such as time and material estimation and shop-drawing nomenclature. Two chapters detail a series of design and shop drawings required to mount a specific design project, providing a guided path through both phases of the design/construction process. Most chapters conclude with one or more worksheets or problems that provide readers with an opportunity to test their understanding of the material presented. The authors' discussion of universal CAD principles throughout the manuscript provides a valuable foundation that can be used in any computer-based design, regardless of the software. Dorn and Shanda treat the computer as another drawing tool, like the pencil or T-square, but one that can help a knowledgeable drafter potentially increase personal productivity and accuracy when compared to traditional hand-drafting techniques. Drafting for the Theatre, second edition assembles in one book all the principal types of drawings, techniques, and conventional wisdom necessary for the production of scenic drafting, design, and shop drawings. It is richly illustrated with numerous production examples and is fully indexed to assist students and technicians in finding important information. It is structured to support a college-level course in drafting, but will also serve as a handy reference for the working theatre professional." 606 $aMechanical drawing 606 $aTheaters$xStage-setting and scenery$vDrawings 615 0$aMechanical drawing. 615 0$aTheaters$xStage-setting and scenery 676 $a792.02/5 686 $aPER011040$aPER009000$2bisacsh 700 $aDorn$b Dennis$01861534 701 $aShanda$b Mark$01861535 801 0$bMiAaPQ 801 1$bMiAaPQ 801 2$bMiAaPQ 906 $aBOOK 912 $a9910955294503321 996 $aDrafting for the theatre$94467670 997 $aUNINA